000 00365nam a2200145Ia 4500
008 230711s9999||||xx |||||||||||||| ||und||
041 _aENG
082 _a4
_bGI-M
100 _aGibson,Jerry D
245 4 _aThe mobile communication handbook
250 _a2nd Ed.
260 _c1999
_aNew Delhi
_bCRC Press Florida
650 _aElectronics Engineering
942 _cBK
999 _c4574
_d4574